مدى توافر الرؤية الاستراتيجية لتنمية وتطوير خدمات القطاع المصرفي : دراسة تطبيقية على البنوك العاملة في فلسطين /
محفوظ في:
| المؤلف الرئيسي: | |
|---|---|
| مؤلفون آخرون: | |
| التنسيق: | أطروحة |
| اللغة: | English Arabic |
| منشور في: |
Filistin :
al-Jami'ah al-Islamiyah,
2012
|
| الموضوعات: | |
| الوسوم: |
إضافة وسم
لا توجد وسوم, كن أول من يضع وسما على هذه التسجيلة!
|
| LEADER | 011790000a22002290004500 | ||
|---|---|---|---|
| 008 | 131022s2012 gz a f 000 0 eng d | ||
| 040 | |a UIAM |b eng | ||
| 041 | |a ara | ||
| 050 | 0 | 0 | |a HG3260.A6 |
| 100 | 1 | |a عاشور، أحمد وليد | |
| 242 | 1 | 0 | |a Mada tawafur al-ru'yah al-istiratijiyyah li tanmiyah wa tatwir khidmat al-qita' al-masrafi : |b dirasat tatbiqiyyah 'ala al-bunuk al-'amilah fi Filistin |
| 245 | 1 | 0 | |a مدى توافر الرؤية الاستراتيجية لتنمية وتطوير خدمات القطاع المصرفي : |b دراسة تطبيقية على البنوك العاملة في فلسطين / |c أحمد وليد عاشور |
| 260 | |a Filistin : |b al-Jami'ah al-Islamiyah, |c 2012 | ||
| 300 | |a xiii, 145 leaves : |b ill. ; |c 30 cm. | ||
| 502 | |a Thesis (M.A.)--Jami'at al-Islamiyah, 2012. | ||
| 504 | |a Includes bibliographical references (leaves 130-138). | ||
| 596 | |a 1 | ||
| 655 | |a Theses, Facsimile edition (Islamic) | ||
| 700 | 1 | |a 'Ashur, Ahmad Walid | |
| 900 | |a arf-ls | ||
| 999 | |c 437961 |d 467402 | ||
| 952 | |0 0 |6 TI HG 003260 A6 A829M 2012 |7 0 |8 THESES |9 759238 |a IIUM |b IIUM |c MULTIMEDIA |g 0.00 |o ti HG 3260 A6 A829M 2012 |p 00011285457 |r 2017-10-23 |t 1 |v 0.00 |y THESIS | ||
